Normal view
MARC view
Entry Personal Name
001 - CONTROL NUMBER
- control field: 5579
003 - CONTROL NUMBER IDENTIFIER
- control field: OSt
005 - DATE AND TIME OF LATEST TRANSACTION
- control field: 20190514152235.0
008 - FIXED-LENGTH DATA ELEMENTS
- fixed length control field: 190514|| aca||aabn | a|a d
040 ## - CATALOGING SOURCE
- Original cataloging agency: OSt
- Transcribing agency: OSt
100 ## - HEADING--PERSONAL NAME
- Personal name: Cho, B. Shine
670 ## - SOURCE DATA FOUND
- Source citation: Work cat.: (OSt): Hong, Sounman 5577, Citizen participation and the redistribution of public goods, 2018
